00637nam a22002057a 4500001000200000003000900002005001700011008002500028020001800053040002200071082002600093100004800119245006600167260003800233300002700271490002200298650003900320650003300359700003900392 DO-SdBNP20250523104421.0160706b 2010 sp| 0 spa d a9786124063015 aBPMSUbspacBPMSU 4a823.8bB275p 20102221 aBarrie, J. M. (James Matthew), d1860-193710aPeter Pan /cJ. M. Barrie; ilustraciones Gerson Jara Morales aLima, Perú : bEducativa,c2010 a[10 p] :bil.,c32 cm.0 aCuentos selectos  4xLiteratura infantil inglesaa e  4aCuentos infantiles ingleses1 aJara Morales, Gerson eilustrador